Hóa lí : Dùng cho sinh viên hóa các trường đại học tổng hợp và sư phạm . Tập 2

Tallennettuna:
Bibliografiset tiedot
Päätekijä:  Trần Văn Nhân
Aineistotyyppi: Sách
Kieli:Undetermined
Julkaistu:  Giáo dục  2009
Aiheet:
Tagit: Lisää tagi
Ei tageja, Lisää ensimmäinen tagi!
Thư viện lưu trữ: Trung tâm Thư viện - Trường Đại học Công nghiệp TP. Hồ Chí Minh
LEADER 00563nam a2200157Ia 4500
001 UIH_03353
008 231011s9999 xx 000 0 und d
082 |a  541.3 
100 |a  Trần Văn Nhân 
245 0 |a  Hóa lí : Dùng cho sinh viên hóa các trường đại học tổng hợp và sư phạm . Tập 2 
245 0 |c  Trần Văn Nhân 
260 |b  Giáo dục 
260 |c  2009 
650 |a  Hóa lí;  
927 |a Sách 
980 |a Trung tâm Thư viện - Trường Đại học Công nghiệp TP. Hồ Chí Minh